000
002660000a22000970004500
100
1
_a
Schmidt, Karen
245
1
0
_a
Raising support for the family
300
_a
Vol. 74, Num.4 (Octubre-Diciembre, 1994), Páginas 8-10
773
0
_t
Latin America Evangelist
942
_c
ANA
999
_c
54872
_d
54872